Historia de la filosofía medieval
Saved in:
| Hovedforfatter: | |
|---|---|
| Format: | Bog |
| Sprog: | spansk |
| Udgivet: |
Barcelona
Herder
1980
|
| Serier: | Curso de Filosofía Tomista, 9
|
| Fag: | |
| Tags: |
Tilføj Tag
Ingen Tags, Vær først til at tagge denne postø!
|
MARC
| LEADER | 00000nam a2200000 a 4500 | ||
|---|---|---|---|
| 001 | UCS8512 | ||
| 003 | CL-VaPUC | ||
| 008 | 971031e19800000SP |||||||||||||||||spa|d | ||
| 082 | 0 | 4 | |a 189 |b CAN |2 21 |
| 100 | 0 | |a Canals Vidal, F |e author |9 393365 | |
| 245 | 1 | 0 | |a Historia de la filosofía medieval |
| 300 | |a 337 p | ||
| 942 | |c BK | ||
| 945 | |d 19971031 00:00:00 |a aalvarez | ||
| 260 | |a Barcelona |b Herder |c 1980 | ||
| 650 | 0 | |a Filosofía medieval |9 256245 | |
| 650 | 0 | |a Tomismo |9 259214 | |
| 583 | |a last modification |c 19971031 00:00:00 |k Rodrigo Vera | ||
| 490 | 0 | |a Curso de Filosofía Tomista, 9 | |
| 999 | |c 262902 |d 262900 | ||
| 952 | |0 0 |1 0 |4 0 |6 189_000000000000000_CAN_1980 |7 0 |8 A |9 291837 |a BIBTEO |b BIBTEO |d 2019-11-19 |i 2024772 |o 189 CAN 1980 |p 2024772 |r 2025-01-17 |w 2019-11-19 |y BK |k ICR | ||